| 000 | 00832nam a2200217Ii 4500 | ||
|---|---|---|---|
| 003 | JO-AjNU | ||
| 008 | 230605s9999||||xx |||||||||||||| ||und|| | ||
| 017 | _a1978/249 | ||
| 040 |
_aJO-AjNU _bara _erda _cJO-AjNU |
||
| 041 | _aara | ||
| 050 | 1 | 4 | _aGR66.S5232 1987 |
| 100 | 3 |
_a الشواي، جاسم محمد, _eauthor _912816 |
|
| 245 | 0 | 0 | _aأنماط تراثية شعبية فولكورية: مجموعة دراسات نقدية وتعقبيات في التراث والفولكلور والغزل في الشعر الشعبي |
| 250 | _aط1 | ||
| 264 | 3 | 1 | _aبغداد: منشورات وتوزيع المكتبة العالمية، 1987 |
| 300 | _a199ص | ||
| 336 |
_atext _btxt _2rdacontent |
||
| 337 |
_aunmediated _bn _2rdamedia |
||
| 338 |
_avolume _bnc _2rdacarrier |
||
| 650 | 4 |
_aفولكلور- شعر شغبي _912817 |
|
| 999 |
_aA3028 _c6596 _d6596 |
||